Alle Suore di Gesù Buon Pastore 1957 (Record n. 23568)

Dettagli MARC
000 -LEADER
fixed length control field 01371nam a2200229Ia 4500
003 - CONTROL NUMBER IDENTIFIER
control field IT-RoPAU
005 - DATE AND TIME OF LATEST TRANSACTION
control field 20220918175644.0
008 - FIXED-LENGTH DATA ELEMENTS--GENERAL INFORMATION
fixed length control field 120407s9999 xx 000 0 und d
040 ## - CATALOGING SOURCE
Original cataloging agency IT-RoPAU
040 ## - CATALOGING SOURCE
Transcribing agency IT-RoPAU
041 ## - LANGUAGE CODE
Language code of text/sound track or separate title ita
100 ## - MAIN ENTRY--PERSONAL NAME
Personal name Alberione, Giacomo
Titles and words associated with a name ssp
9 (RLIN) 14
245 ## - TITLE STATEMENT
Title Alle Suore di Gesù Buon Pastore 1957
Remainder of title Trascrizioni delle meditazioni e istruzioni di Don Giacomo Alberione riprese su nastro magnetico
250 ## - EDITION STATEMENT
Edition statement 1° ed.
260 ## - PUBLICATION, DISTRIBUTION, ETC. (IMPRINT)
Place of publication, distribution, etc. Roma
Name of publisher, distributor, etc. Casa Generalizia Suore di Gesù Buon Pastore
Date of publication, distribution, etc. 1984
300 ## - PHYSICAL DESCRIPTION
Dimensions 18,5 cm
Extent 316 p.
490 ## - SERIES STATEMENT
Series statement Opera Omnia (serie rossa)
490 ## - SERIES STATEMENT
Volume/sequential designation 9 / 1
520 ## - SUMMARY, ETC.
Summary, etc. INDICE GENERALE<br/>I.Esercizi spirituali;<br/>II.Il peccato;<br/>III.Riconciliazione;<br/>IV.Per chi viviamo;<br/>V.Conoscere il Signore;<br/>VI.Vivere come...;<br/>VII.La Direzione spirituale;<br/>VIII.La meditazione;<br/>IX.Visita Eucaristica;<br/>X.Problema vocazionario;<br/>XI.Formazione;<br/>XII.Fede;<br/>XIII.Mente, volontà e cuore a Dio;<br/>XIV.Povertà e lavoro;<br/>XV.Parroci e Pastorelle;<br/>XVI.Progredire;<br/>XVII.Fidarsi di Dio;<br/>XVIII.Rosario: misteri gaudiosi;<br/>XIX.Rosario: misteri dolorosi;<br/>XX.Rosario: misteri gloriosi;<br/>XXI.Festa dei santi;<br/>XXII.Attente tibi;<br/>XXIII.Apostolato;<br/>XXIV.In preparazione al Natale;<br/>XXV.Darsi per tempo a Dio;<br/>XXVI.Testimoni dell'eternità;<br/>XXVII.Verginità di mente e di cuore;<br/>XXVIII.Gesù Via, Verità e Vita.
942 ## - ADDED ENTRY ELEMENTS (KOHA)
Koha item type LIBRO
Source of classification or shelving scheme Dewey Decimal Classification
Dati di copia
Withdrawn status Lost status Source of classification or shelving scheme Damaged status Not for loan Home library Current library Date acquired Total Checkouts Full call number Date last seen Price effective from Koha item type
    Dewey Decimal Classification Buone Condizioni Not For Loan PAULUS-BIBLIOTECA PAULUS-BIBLIOTECA 12/12/2012   P A5 12/12/2012 12/12/2012 LIBRO
    Dewey Decimal Classification Buone Condizioni Not For Loan PAULUS-BIBLIOTECA PAULUS-BIBLIOTECA 14/12/2012   P A5 14/12/2012 14/12/2012 LIBRO
CREDITS: SOCIETA' SAN PAOLO Via A.Severo, 58 - ROMA (RM) & PERIODICI SAN PAOLO SRL Via Giotto, 36 MILANO & CISF Via Giotto, 36 MILANO & EDIZIONI SAN PAOLO SRL,  Piazza Soncino, 5 CINISELLO BALSAMO (MI) -- ITALY